000 02147nam0a2200361 4500
001 RU\NLR\BIBL_A\022688386
005 20260420061539.0
010 _a978-5-89982-796-9
_9100
021 _aRU
_bКН-П-25-066444
_9КН-П-25-6427
035 _a(NLR Aleph) 022688386
090 _a13687017
_c13687017
100 _a20251216d2025 k y0rusy50 ca
101 0 _arus
102 _aRU
105 _aa z 000yy
181 0 _ai3
_baxxe
182 0 _an
200 1 _aИнновации - требования времени, инновации - выбор каждого
_eсборник инновационных практик образовательных организаций Омской области
_e[руководителям образовательных организаций]
_fБюджетное образовательное учреждение Омской области дополнительного профессионального образования "Институт развития образования Омской области"
_gавторы-составители: А. П. Сухарева, к. п.н., доц. [и др.]
203 _aТекст
_bвизуальный
_cнепосредственный
210 _aОмск
_cБОУ ДПО "ИРООО"
_d2025
215 _a79 с.
_d21
320 _aБиблиогр. в конце ст.
606 1 _aДошкольное образование
_jСборники
_yОмская область
_92310191
_3RU\NLR\AUTH\6601608389
606 1 _aДети с ограниченными возможностями здоровья
_jСборники
_xВоспитание и обучение
_yОмская область
_92697081
_3RU\NLR\AUTH\6601766363
686 1 _aЧ411.38я43
686 1 _aЧ430.1я43
702 1 _aСухарева
_bА. П.
_f1967-
_gАльбина Павловна
_4220
712 0 2 _4475
_aИнститут развития образования Омской области
_9681178
_3RU\NLR\AUTH\8810089910
942 _cBOOK
980 _aNB